ห้องสมุด วิทยาลัยพยาบาลบรมราชชนนี อุดรธานี Boromarajonani College of Nursing, Udonthani
mysqli: Table './ulib2015/stat_globaluid' is marked as crashed and last (automatic?) repair failed select id from stat_globaluid where statuid='20260419142723_3673' mysqli: Table './ulib2015/stat_globaluid' is marked as crashed and last (automatic?) repair failed DELETE FROM stat_globaluid
WHERE id NOT IN (
SELECT id
FROM (
SELECT id
FROM stat_globaluid
ORDER BY id DESC
LIMIT 100
) foo
); mysqli: Table './ulib2015/stat_globaluid' is marked as crashed and last (automatic?) repair failed insert into stat_globaluid set
statuid='20260419142723_3673',
dt='1776583643',
phpself='/ULIB/dublinfull.php',
agent='Mozilla/5.0 AppleWebKit/537.36 (KHTML, like Gecko; compatible; ClaudeBot/1.0; +claudebot@anthropic.com)',
yea='2026',
mon='4',
dat='19',
ip='216.73.216.142'
LEADER 00674nam 2200229 a 4500
001 12131
003 ULIBM
008 040811s2540 th m a001 0 tha d
020 ^a974-8364-71-2
050 4 ^aCT^bภ671พ 2540
245 ^a ^a1111
250 ^aพิมพ์ครั้งที่ 2.
300 ^a 162 หน้า.
650 7 ^aพระมหาชนก
945 ^p0^l0^i560
945 ^p0^l0^i561
945 ^p0^l0^i562
945 ^p0^l0^i572
999 ^aลิขิตลักษณ์
คุณยังไม่ได้ล็อกอิน คุณสามารถมีกิจกรรมร่วมกับเว็บไซต์ได้ แต่ต้องล็อกอินก่อน ::
ลำดับที่
ประเภท
เลขเรียก /บาร์โค้ด
สถานที่
สถานะ
1.
หนังสือภาษาไทย CT ภ671พ 2540 Barcode: 560 หนังสือทั่วไป On Shelf
2.
หนังสือภาษาไทย CT ภ671พ 2540 ฉ.2 Barcode: 561 หนังสือทั่วไป On Shelf
3.
หนังสือภาษาไทย CT ภ671พ 2540 ฉ.3 Barcode: 562 หนังสือทั่วไป On Shelf
4.
หนังสือภาษาไทย CT ภ671พ 2540 ฉ.4 Barcode: 572 หนังสือทั่วไป On Shelf [แสดง 4/4 รายการ]
mysqli: Can't create/write to file '/var/tmp/#sql_59d_0.MAI' (Errcode: 2) select * from index_db where titl like '%พระราชนิพนธ์พระบาทสมเด็จพระเจ้าอยู่หัวภูมิพลอดุลยเดชฯ เรื่องพระมหาชนก/ ภูมิพลอดุลยเดชฯ, พระบาทสมเด็จพระเจ้าอยู่หัว%' and mid<>'12131' order by rand() limit 3 mysqli: Can't create/write to file '/var/tmp/#sql_59d_0.MAI' (Errcode: 2) select * from index_db where subj like '%พระมหาชนก%' and mid<>'12131' order by rand() limit 3
ยังไม่เคยถูกคอมเมนท์
คอมเมนท์ทรัพยากรรายการนี้
JavaScript must be enabled in order for you to use Google Maps.
However, it seems JavaScript is either disabled or not supported by your browser.
To view Google Maps, enable JavaScript by changing your browser options, and then
try again.